000
00310nam a2200121Ia 4500
008
190802s9999 xx 000 0 und d
020
_a
978-93-325-4252-5
100
_a
M.Morris Mano
245
0
_a
Digital Logic and Computer Design
260
_a
New Delhi
_b
McGraw Hill
_c
2017
300
_a
545:p
942
_c
BK
999
_c
2319
_d
2319